CA Exams Study Text/ (Record no. 36329)

MARC details
000 -LEADER
fixed length control field 00462nam a22001577a 4500
005 - DATE AND TIME OF LATEST TRANSACTION
control field 20240808093349.0
008 - FIXED-LENGTH DATA ELEMENTS--GENERAL INFORMATION
fixed length control field 240808b |||||||| |||| 00| 0 eng d
020 ## - INTERNATIONAL STANDARD BOOK NUMBER
ISBN 969-8546-11-1
082 ## - DEWEY DECIMAL CLASSIFICATION NUMBER
Classification number 332
Item number CAE
245 ## - TITLE STATEMENT
Title CA Exams Study Text/
Statement of responsibility, etc. Professional Business Publication
260 ## - PUBLICATION, DISTRIBUTION, ETC.
Place of Publication Lahore;
Name of publisher, distributor, etc. Professional Business Publication;
Date of publication, distribution, etc. 2001
300 ## - PHYSICAL DESCRIPTION
Pages xviii, 413 p.:
500 ## - GENERAL NOTE
General note Includes index
650 ## - SUBJECT ADDED ENTRY--TOPICAL TERM
Subject / Department Social Sciences
300 ## - PHYSICAL DESCRIPTION
-- ill;
-- 23.5 cm.
952 ## - LOCATION AND ITEM INFORMATION (KOHA)
-- 0
-- 0
Holdings
Lost status Damaged status Collection code Permanent Location Current Location Shelving Location Date acquired Full Call Number Accession No./Barcode Date last seen item type Koha item type
    Economics/Commerce Superior Information Resource Center (SIRC) Superior University - City Campus Superior Information Resource Center (SIRC) Superior University - City Campus Economics 08/08/2024 332 CAE 2000 2640 08/08/2024 BOOK BOOK

Powered by Koha